000 00309nam a22000977a 4500
008 150727b xxu||||| |||| 00| 0 eng d
010 _8HCCRSARF:038
245 _aHIGH COURT CRIMINAL SESSION NO.47 OF 1985 Uganda Vs Phostin Kyobwengye
260 _aHigh Court Kampala
500 _3BEFORE: Hon. Mr. Justice I. Mukanza
999 _c8217
_d8217